Nanotechnology : (Record no. 19807)

MARC details
000 -LEADER
fixed length control field 01021cam a22003015a 4500
001 - CONTROL NUMBER
control field 16901841
005 - DATE AND TIME OF LATEST TRANSACTION
control field 20201128021324.0
008 - FIXED-LENGTH DATA ELEMENTS--GENERAL INFORMATION
fixed length control field 110803t2011 flua frbd 001 0 eng d
020 ## - INTERNATIONAL STANDARD BOOK NUMBER
International Standard Book Number 9781439849200 (hardcover : alk. paper)
040 ## - CATALOGING SOURCE
Original cataloging agency DLC
Language of cataloging eng
Transcribing agency DLC
Modifying agency EG-ScBUE
082 04 - DEWEY DECIMAL CLASSIFICATION NUMBER
Classification number 620.5
Item number ROG
Edition number 22
100 1# - MAIN ENTRY--PERSONAL NAME
Personal name Rogers, Ben,
Dates associated with a name 1977-
9 (RLIN) 38254
245 10 - TITLE STATEMENT
Title Nanotechnology :
Remainder of title understanding small systems /
Statement of responsibility, etc Ben Rogers, Sumita Pennathur, Jesse Adams.
250 ## - EDITION STATEMENT
Edition statement 2nd ed.
260 ## - PUBLICATION, DISTRIBUTION, ETC. (IMPRINT)
Place of publication, distribution, etc Boca Raton :
Name of publisher, distributor, etc CRC Press. Taylor & Francis Group,
Date of publication, distribution, etc c.2011.
300 ## - PHYSICAL DESCRIPTION
Extent xix, 401 p. :
Other physical details ill. (some col.),
Dimensions 26 cm.
490 0# - SERIES STATEMENT
Series statement Mechanical engineering series
500 ## - GENERAL NOTE
General note Index : p. 365-401.
500 ## - GENERAL NOTE
General note Glossary : p. 353-364.
504 ## - BIBLIOGRAPHY, ETC. NOTE
Bibliography, etc Includes bibliographical references.
650 #7 - SUBJECT ADDED ENTRY--TOPICAL TERM
Topical term or geographic name as entry element Nanotechnology.
Source of heading or term BUEsh
9 (RLIN) 519
651 ## - SUBJECT ADDED ENTRY--GEOGRAPHIC NAME
Source of heading or term BUEsh
653 ## - INDEX TERM--UNCONTROLLED
Resource For college Engineering, General
Arrived date list June2015
-- July2015
655 ## - INDEX TERM--GENRE/FORM
Form subdivision
-- 34232
700 1# - ADDED ENTRY--PERSONAL NAME
Personal name Adams, Jesse,
Dates associated with a name 1974-
700 1# - ADDED ENTRY--PERSONAL NAME
Personal name Pennathur, Sumita,
Dates associated with a name 1978-
942 ## - ADDED ENTRY ELEMENTS (KOHA)
Source of classification or shelving scheme Dewey Decimal Classification
Call number prefix 620.5 ROG
Holdings
Withdrawn status Lost status Source of classification or shelving scheme Damaged status Not for loan Koha collection Home library Current library Shelving location Date acquired Source of acquisition Cost, normal purchase price Serial Enumeration / chronology Total Checkouts Total Renewals Full call number Barcode Date last seen Date last borrowed Cost, replacement price Koha item type
    Dewey Decimal Classification     Alahram Central Library Central Library First floor 22/06/2015   691.00 299 2 10 620.5 ROG 000038911 15/07/2025 13/02/2017 863.75 Book - Borrowing